Normal view
MARC view
- Gold, Nancy
Entry Personal Name
001 - CONTROL NUMBER
- control field: 118664
003 - CONTROL NUMBER IDENTIFIER
- control field: NUST
005 - DATE AND TIME OF LATEST TRANSACTION
- control field: 20231128111844.0
008 - FIXED-LENGTH DATA ELEMENTS
- fixed length control field: 231128|| aca||aabn | a|a d
040 ## - CATALOGING SOURCE
- Original cataloging agency: NUST
- Transcribing agency: NUST
100 ## - HEADING--PERSONAL NAME
- Personal name: Gold, Nancy
670 ## - SOURCE DATA FOUND
- Source citation: Work cat.: (NUST): Gold, Nancy, Human Factor :, 2015.
